000 00530pab a2200181 454500
008 180718b2014 xxu||||| |||| 00| 0 eng d
100 _aCorbett, Jack
245 _aIntroduction: Interpretation in the study of Australian politics and policy
260 _c2014
300 _ap.291-295.
362 _aSep
650 _aPolicy making - Australia
650 _aPublic administration - Australia
650 _aPublic administration
773 _aAustralian Journal of Public Administration
908 _aN
909 _a105914
999 _c105909
_d105909